00235nam a2200109Ia 450000500170000002000180001710000110003536500080004636500100005424500480006426000130011220260513122055.0 a9789819656387 aYi Sun c€ b28.00 aA Mathematical Introduction to Data Science bSpringer